Práce Vojenskej politickej akadémie Klementa Gottwalda spoločenskovedný zborník

Bibliographic Details
Format: Serial
Language:Slovak
PhysicalDescription:zv.
Published: Bratislava Vojenská politická akadémia Klementa Gottwalda 1973-[19uu]
Subjects:

MARC

LEADER 00000cas a2200000 a 4500
001 vtls001284472
003 SK-MaSNL
005 20260228163712.0
008 160624d197319uuxo ar 0 0b0slo
035 |a SNK000235968 
040 |a SNK  |b slo  |c SNK  |e AACR2 
041 0 |a slo 
044 |a xo  |c SK 
072 |a 355/359  |x Vojenstvo. Obrana krajiny. Ozbrojené sily  |2 konspekt 
080 |a 355  |2 2011 
080 |a 050  |2 2011 
080 |a (082)  |2 2011 
245 0 0 |a Práce Vojenskej politickej akadémie Klementa Gottwalda  |b spoločenskovedný zborník 
260 |a Bratislava  |b Vojenská politická akadémia Klementa Gottwalda  |c 1973-[19uu] 
300 |a zv. 
310 |a 1x ročne 
362 0 |a 1973-[19uu]  |z SKP 
650 0 7 |a vojenstvo  |2 SNKPH  |9 22591 
650 0 7 |a armáda  |2 SNKPH  |9 1643 
655 7 |a zborníky  |2 SNKPH  |9 70165 
910 |a snk 
999 |c 10396  |d 12326 
952 |0 0  |1 0  |4 0  |7 0  |8 1  |a SNK  |b SNK  |d 2002-03-08  |i snkD 150/2002  |l 0  |o snkČSC 2124/3/1980 D1  |p 17A0334207  |r 2005-01-02 00:00:00  |w 2026-02-21  |y PREZ 
952 |0 0  |1 0  |4 0  |7 0  |a SNK  |b SNK  |d 2007-08-27  |i snkČSP 2637/93  |l 0  |o snkČSC 2124/17/1989  |p 17A0557888  |r 2026-02-21 21:11:37  |t č. 1-2  |w 2026-02-21  |y PREZ